|
|
|
|
| LEADER |
02128nam a2200541 a 4500 |
| 001 |
nkc20051568815 |
| 003 |
CZ PrNK |
| 005 |
20060427145820.0 |
| 007 |
ta |
| 008 |
050525s2005 xr e p 000 0deng |
| 015 |
|
|
|a cnb001568815
|
| 020 |
|
|
|a 80-210-3701-6
|q (brož.)
|
| 035 |
|
|
|a (OCoLC)83977887
|
| 040 |
|
|
|a BOA001
|b cze
|d OLA001
|
| 045 |
|
|
|a i-v-
|
| 072 |
|
7 |
|a 821.111.09
|x Anglická literatura, anglicky psaná (o ní)
|2 Konspekt
|9 11
|
| 072 |
|
7 |
|a 37.016
|x Učební osnovy. Vyučovací předměty. Učebnice
|2 Konspekt
|9 22
|
| 080 |
|
|
|a 821.111-3
|2 MRF
|
| 080 |
|
|
|a 821.111-051
|2 MRF
|
| 080 |
|
|
|a 82(091)
|2 MRF
|
| 080 |
|
|
|a (048.8)
|2 MRF
|
| 080 |
|
|
|a (075.8)
|2 MRF
|
| 100 |
1 |
|
|a Doležel, Pavel,
|d 1939-
|7 mzk2006322936
|4 aut
|
| 245 |
1 |
3 |
|a An outline of English fiction from the beginning to 1754 /
|c Pavel Doležel, Tamara Váňová
|
| 250 |
|
|
|a 1. vyd.
|
| 260 |
|
|
|a Brno :
|b Masarykova univerzita,
|c 2005
|
| 300 |
|
|
|a 100 s. ;
|c 21 cm +
|e 1 CD-ROM
|
| 500 |
|
|
|a Chronologické přehledy
|
| 500 |
|
|
|a Nad názvem: Pedagogická fakulta Masarykovy univerzity v Brně, Katedra anglického jazyka a literatury
|
| 504 |
|
|
|a Obsahuje bibliografii
|
| 650 |
0 |
7 |
|a anglická próza
|7 ph114053
|y do 1754
|2 czenas
|
| 650 |
0 |
7 |
|a angličtí spisovatelé
|7 ph114059
|2 czenas
|
| 650 |
0 |
7 |
|a literární historie
|7 ph122385
|2 czenas
|
| 650 |
0 |
9 |
|a English prose literature
|y to 1754
|2 eczenas
|
| 650 |
0 |
9 |
|a English authors
|2 eczenas
|
| 650 |
0 |
9 |
|a literary history
|2 eczenas
|
| 655 |
|
7 |
|a přehledy
|7 fd133202
|2 czenas
|
| 655 |
|
7 |
|a učebnice vysokých škol
|7 fd133772
|2 czenas
|
| 655 |
|
9 |
|a surveys
|2 eczenas
|
| 655 |
|
9 |
|a textbooks (higher)
|2 eczenas
|
| 700 |
1 |
|
|a Váňová, Tamara,
|d 1954-
|7 jn20001005610
|4 aut
|
| 710 |
2 |
|
|a Masarykova univerzita.
|b Katedra anglického jazyka a literatury
|7 kn20020321094
|
| 910 |
2 |
|
|a BOA001
|b 2-1163.856
|
| 990 |
|
|
|a BK
|
| 995 |
|
|
|a 01
|
| 991 |
|
|
|b 200603
|c NOV
|
| 996 |
6 |
|
|b 2610271209
|c 2-1163.856
|l MZK
|r Sklad / do 1 hodiny
|n 1
|p p.v.
|w 000807874
|u 000010
|a 1
|e BOA001
|j MZK50
|s P
|
| 996 |
7 |
|
|b 2610271210
|c 2-1163.856
|l MZK
|r Sklad / do 1 hodiny
|n 2
|p p.v.
|w 000807874
|u 000020
|a 1
|e BOA001
|j MZK50
|s A
|